| 000 | 01191nam2a2200229 4500 | ||
|---|---|---|---|
| 001 | RU\NLR\bibl\581462 | ||
| 005 | 20250610135720.0 | ||
| 035 | _a(NLR Aleph) 000573460 | ||
| 090 |
_a1607206 _c1607206 |
||
| 100 | _a20041207d1990 |||y0rusy50 ca | ||
| 101 | 0 | _arus | |
| 102 | _aRU | ||
| 105 | _ay ||||||||| | ||
| 200 | 1 | _aГазеты и журналы | |
| 210 |
_d1990 _aБ. м. |
||
| 215 | _a31,[1] с. | ||
| 461 | 0 |
_1001RU\NLR\bibl\728820 _12001#$aСводный каталог периодических и информационных изданий, получаемых крупными библиотеками г. Йошкар-Олы в 1990 году$vЧ. 1 _9689803 _cЙошкар-Ола _d1990 _fМ-во культуры Марийс. АССР. гос. респ. универс. науч. б-ка им. С.Г. Чавайна _nБ.и. _tСводный каталог периодических и информационных изданий, получаемых крупными библиотеками г. Йошкар-Олы в 1990 году _vЧ. 1 |
|
| 801 | 0 |
_aRU _bNLR _c20041207 _gPSBO |
|
| 801 | 1 |
_aRU _bNLR _c20041207 |
|
| 942 | _cBOOK | ||
| 980 | _aNB | ||